Sports Quiz

Random Sports or NFL Quiz

NFL Active Passing Yards Leaders Quiz Stats

 Plays Quiz Updated Sep 6, 2019

Score 0/25 Timer 04:00
5 Plays Today
Yards QB % Correct
55,981Eli Manning
98%
70,514 Tom Brady
97.9%
74,437Drew Brees
94%
42,944Aaron Rodgers
86.4%
54,656Philip Rivers
85.5%
56,194Ben Roethlisberger
83.9%
25,624Russell Wilson
82.2%
46,720Matt Ryan
77.5%
28,469Cam Newton
77%
34,068Alex Smith
75.7%
38,526Matthew Stafford
74.9%
38,245Joe Flacco
73.7%
20,504Kirk Cousins
68.9%
Yards QB % Correct
14,628Jameis Winston
65.9%
28,100Andy Dalton
64.8%
18,739Derek Carr
63.4%
20,434Ryan Tannehill
61%
29,357Ryan Fitzpatrick
61%
19,449Sam Bradford
60.6%
12,661Case Keenum
45%
25,074Matt Schaub
43.5%
17,646Blake Bortles
41.3%
17,707Josh McCown
32.4%
17,508Matt Cassel
27.4%
12,960Chad Henne
10.7%

You're not logged in!

Compare scores with friends on all Sporcle quizzes.
OR
Log In

Sporcle TV

Today on Sporcle TV


Watch our educational content, quiz creation guides, and fun videos on Sporcle TV.

Show Comments

Extras

Top Quizzes Today


Score Distribution

Your Account Isn't Verified!

In order to create a playlist on Sporcle, you need to verify the email address you used during registration. Go to your Sporcle Settings to finish the process.

Report this User

Report this user for behavior that violates our Community Guidelines.

Details: